00527 2200181 4500245011500000020002200115250001100137100002100148700001300169650001000182650001900192005001900211260005700230041001400287084001000301300002500311336000900336 aDasar-Dasar Manajemen Perkantoran dan Layanan Bisnis untuk SMK/MAK Kelas X Semester 2cTri SulistiowatihText a978-602-244-993-5 aCet. 1 aTri Sulistiowati aSriyanto aEbook aBuku Pelajaran a20240920070645 aJakartabKementerian Pendidikan dan Kebudayaanc2022 aIndonesia a651.3 axiv, 258 hlm. :cPDF atext